000 00446nam a2200169Ia 4500
008 241127s9999||||xx |||||||||||||| ||und||
020 _a9780763730376
_c00
040 _beng
_cSSK Library
_erda
082 _a174.2/FRY
100 _a Sara T. Fry & Robert M. Veatch -
245 0 _aCase Studies In Nursing Ethics
250 _a3rd ed
260 _b Jones And Bartlett
_c©2006
942 _22ddc
_cBOOK
_nNo
999 _c11788
_d11788
003 OSt
005 20241127152900.0